Drames de famille (Registro nro. 318455)
[ vista simple ]
| 000 -ENCABEZADO | |
|---|---|
| Número de control [NR] | 01365nam a22002537a 4500 |
| 005 - FECHA Y HORA DE LA ÚLTIMA TRANSACCIÓN | |
| control field | 20230608153444.0 |
| 008 - DE LONGITUD FIJA DE DATOS DE ELEMENTOS - INFORMACIÓN GENERAL | |
| Elementos de longitud fija [NR] | 150929n1900 fr |||fr|||| 00| f fre d |
| 040 ## - FUENTE DE CATALOGACION [NR] | |
| Quien Cataloga | Sandra Yazo |
| Quien Clasifica | Sandra Yazo |
| 041 ## - CODIGO DE IDIOMA [R] | |
| Código de idioma para texto/pista de sonido o título separado [R] | Francés |
| 082 04 - NUMERO DE CLASIFICACION DECIMAL DEWEY [R] | |
| Número de la edición [NR] | 20 |
| Número de clasificación [R] | 843.8 |
| 092 ## - SIGNATURA TOPOGRAFICA LOCAL | |
| Número de clasificación local | E51N003 |
| 100 1# - ASIENTO PRINCIPAL--NOMBRE PERSONAL [NR] | |
| Nombre personal [NR] | Bourget, Paul |
| Fechas asociadas con el nombre [NR] | 1852-1935 |
| ID Autoridad | 60359 |
| 242 00 - TRADUCCION DEL TITULO POR LA AGENCIA CATALOGADORA [R] | |
| Título [NR] | Dramas familiares |
| Mención de responsabilidad, etc. [NR] | Pablo Bourget |
| Código de idioma del título traducido [NR] | spa |
| 245 10 - MENCION DE TITULO [NR] | |
| Título [NR] | Drames de famille |
| Mención de responsabilidad, etc. [NR] | Paul Bourget |
| 260 ## - PUBLICACION, DISTRIBUCION, ETC. (PIE DE IMPRENTA) [R] | |
| Lugar de publicación, distribución, etc. [R] | París (Francia) |
| Nombre del editor, distribuidor, etc. [R] | Librairie Plon ; Plon-Nourrit et Cie. ; Imprimeurs-Éditeurs [Librería Plon ; Plon- Nourrit y Compañía ; Impresores-Editores] |
| Fecha de publicación, distribución, etc. [R] | [1900?] |
| 300 ## - DESCRIPCION FISICA [R] | |
| Extensión [R] | 363 páginas |
| Dimensiones [R] | 18 x 12 cm. |
| 500 ## - NOTA GENERAL [R] | |
| Nota general [NR] | Detalles físicos: Sin encuadernación original, actualmente, encuadernación rígida (holandesa) en cartón forrado en papel jaspeado azul; lomo en tela con adornos en dorado. Guardas. Hoja de cortesía. Anteportada. Portada impresa en una sola tinta. Grabado con marca tipográfica del editor. Dedicatoria. Texto impreso en una sola columna. Índice. Rasgada tela en parte inferior del lomo. Papel oxidado en bordes |
| 505 1# - NOTA DE CONTENIDO CON FORMATO PREESTABLECIDO [R] | |
| Nota de contenido con formato preestablecido [NR] | Dramas familiares: El plazo ; El lujo de otros ; Corazones infantiles. |
| 506 ## - NOTA DE RESTRICCIONES DE ACCESO [R] | |
| Condiciones de acceso [NR] | Consulta en sala |
| 650 #7 - ASIENTO SECUNDARIO DE MATERIA - TERMINO TEMATICO [R] | |
| Término temático o nombre geográfico como elemento de entrada [NR] | Literatura francesa |
| 9 (RLIN) | 7794 |
| Subdivisión cronológica [R] | Siglo XX |
| 650 #7 - ASIENTO SECUNDARIO DE MATERIA - TERMINO TEMATICO [R] | |
| Término temático o nombre geográfico como elemento de entrada [NR] | Novela francesa |
| 9 (RLIN) | 20506 |
| Subdivisión cronológica [R] | Siglo XX |
| 690 ## - ASUNTO AGREGADO LOCAL DE ENTRADA - TÉRMINO TEMÁTICO (OCLC, RLIN) | |
| Acceso temático local | Literatura europea |
| 9 (RLIN) | 26524 |
| 942 ## - ELEMENTOS DE ENTRADA AGREGADOS (KOHA) | |
| Sistema de clasificación | LOCAL |
| Tipo de ítem principal el descrito en 300a | Libro |
| Edición | 1 |
| Clasificación | E51N003 |
| Suprimido | Perdido | Sistema de clasificación | Dañado | No prestable | Tipo de ítem específico | Ubicación habitual | Ubicación actual | Localización | Fecha de creación | Forma de adquisición | Signatura topográfica | Código de barras | Última vez visto | Ejemplar | Price effective from | Tipo de ítem |
|---|---|---|---|---|---|---|---|---|---|---|---|---|---|---|---|---|
| LOCAL | Libro archivo | Archivo Histórico | Archivo Histórico | Archivo histórico | 28/01/2021 | Donación | E51N003 | L010545 | 28/01/2021 | Ej.1 | 28/01/2021 | Libro |